[Event "Barcelona 150 aniversity 3"]
[Site "Barcelona"]
[Date "2019.05.31"]
[Round "6.1"]
[White "Boldu Zabih, Llorenc"]
[Black "Cantero Magallon, Alejandro"]
[Result "0-1"]
[WhiteElo "1564"]
[BlackElo "1321"]
[PlyCount "67"]
[EventDate "2019.04.26"]
[EventType "swiss"]
[EventRounds "9"]
[EventCountry "ESP"]
[SourceTitle "EXT 2024"]
[Source "ChessBase"]
[SourceDate "2023.10.10"]
[SourceVersion "1"]
[SourceVersionDate "2023.10.10"]
[SourceQuality "1"]

1. e4 e6 2. d4 d5 3. e5 c5 4. c3 Nc6 5. Nf3 Qb6 6. Bd3 Bd7 7. 0-0 cxd4 8. cxd4 Nxd4 9. Nxd4 Qxd4 10. Nc3 Qxe5 11. Re1 Qb8 12. Nxd5 Bd6 13. Qg4 Kf8 14. Nf4 Nf6 15. Qh4 h6 16. Nh5 Be7 17. Bf4 Nxh5 18. Qxh5 Qxf4 19. Rac1 Qg5 20. Qf3 Bc6 21. Be4 Bxe4 22. Qxe4 Qb5 23. b3 Qb6 24. Qf4 Bg5 25. Qa4 Bxc1 26. Rxc1 Qd6 27. a3 g6 28. b4 Kg7 29. Rd1 Qc6 30. b5 Qc7 31. Qd4+ e5 32. Qe3 b6 33. Rc1 Qd6 34. Rc6 0-1

[Event "Barcelona 150 aniversity 3"]
[Site "Barcelona"]
[Date "2019.05.10"]
[Round "3.3"]
[White "Dominguez Diaz, Francisco"]
[Black "Cantero Magallon, Alejandro"]
[Result "0-1"]
[WhiteElo "1325"]
[BlackElo "1321"]
[PlyCount "76"]
[EventDate "2019.04.26"]
[EventType "swiss"]
[EventRounds "9"]
[EventCountry "ESP"]
[SourceTitle "EXT 2024"]
[Source "ChessBase"]
[SourceDate "2023.10.10"]
[SourceVersion "1"]
[SourceVersionDate "2023.10.10"]
[SourceQuality "1"]

1. e4 e6 2. d4 d5 3. e5 c5 4. c3 Nc6 5. Bb5 cxd4 6. cxd4 Qa5+ 7. Nc3 Bb4 8. Bxc6+ bxc6 9. Bd2 Ne7 10. Nge2 0-0 11. 0-0 Ba6 12. Re1 Nf5 13. a3 Bxc3 14. Bxc3 Qb6 15. a4 Bxe2 16. Rxe2 a5 17. Ra3 Rfb8 18. Qd2 c5 19. dxc5 Qxc5 20. Qf4 d4 21. Be1 Rxb2 22. Qe4 Rxe2 23. Qxa8+ Qf8 24. Qxf8+ Kxf8 25. Kf1 Rxe5 26. Rb3 Nd6 27. Bd2 Nc4 28. Bc1 Ke7 29. g3 h6 30. Rb7+ Kf6 31. h4 d3 32. Rd7 Rd5 33. Rxd5 exd5 34. Ke1 Ke5 35. Bf4+ Kd4 36. Bc7 Kc3 37. f4 d2+ 38. Ke2 Kc2 0-1

[Event "Barcelona 150 aniversity 3"]
[Site "Barcelona"]
[Date "2019.04.26"]
[Round "1.2"]
[White "Cantero Magallon, Inigo"]
[Black "Cantero Magallon, Alejandro"]
[Result "1-0"]
[WhiteElo "1103"]
[BlackElo "1321"]
[PlyCount "99"]
[EventDate "2019.04.26"]
[EventType "swiss"]
[EventRounds "9"]
[EventCountry "ESP"]
[SourceTitle "EXT 2024"]
[Source "ChessBase"]
[SourceDate "2023.10.10"]
[SourceVersion "1"]
[SourceVersionDate "2023.10.10"]
[SourceQuality "1"]

1. d4 d5 2. e3 Nf6 3. Bd3 g6 4. Nf3 Bg7 5. c4 c6 6. b3 0-0 7. h3 Re8 8. Bb2 Nbd7 9. 0-0 Qc7 10. Nbd2 h6 11. cxd5 Nxd5 12. Bc4 N5b6 13. Qc2 e5 14. Nh4 exd4 15. exd4 Nf6 16. Rac1 Qf4 17. Nxg6 Bf5 18. Nxf4 Bxc2 19. Rxc2 Ne4 20. Rd1 Rad8 21. Nf3 c5 22. Rcc1 Nxc4 23. bxc4 a6 24. Ba1 cxd4 25. Bxd4 Bxd4 26. Rxd4 Rc8 27. Nh5 Kh8 28. Rd7 b5 29. Rxf7 bxc4 30. Nd4 c3 31. f3 Ng5 32. Rd7 Re3 33. Nc2 Re2 34. Nf6 Rd2 35. Ra7 Rf8 36. Rxa6 Kg7 37. Nh5+ Kh8 38. Rxh6+ Kg8 39. h4 Nf7 40. Rc6 Ne5 41. Rxc3 Rf5 42. Ng3 Rf4 43. Ne3 Rxh4 44. Rc8+ Kf7 45. R8c7+ Ke8 46. Rc8+ Kd7 47. R8c7+ Ke6 48. Rd1 Rxd1+ 49. Nxd1 Rd4 50. Nf2 1-0

[Event "Barcelona Tres Peons-C 47th"]
[Site "Barcelona"]
[Date "2018.06.08"]
[Round "7.4"]
[White "Membrives Cano, Diego"]
[Black "Cantero Magallon, Alejandro"]
[Result "0-1"]
[WhiteElo "1266"]
[BlackElo "1492"]
[PlyCount "88"]
[EventDate "2018.04.27"]
[EventType "tourn"]
[EventRounds "9"]
[EventCountry "ESP"]
[SourceTitle "EXT 2024"]
[Source "ChessBase"]
[SourceDate "2023.10.10"]
[SourceVersion "1"]
[SourceVersionDate "2023.10.10"]
[SourceQuality "1"]

1. d4 d5 2. Bf4 Nc6 3. e3 Nf6 4. Bd3 e6 5. c3 Bd6 6. Bg3 Bxg3 7. hxg3 Bd7 8. Nf3 Qe7 9. Ne5 Nxe5 10. dxe5 Ne4 11. Nd2 Bc6 12. Qe2 0-0-0 13. Nxe4 dxe4 14. Bc2 Qc5 15. Rd1 Rxd1+ 16. Bxd1 Qxe5 17. Qh5 Qxh5 18. Bxh5 g6 19. Be2 h5 20. g4 h4 21. Rh3 Bd7 22. g3 g5 23. f4 exf3 24. Bxf3 f5 25. gxh4 Bc6 26. h5 Bxf3 27. Rxf3 fxg4 28. Rg3 Rxh5 29. Rxg4 Kd7 30. Kf2 Rh2+ 31. Rg2 Rxg2+ 32. Kxg2 Ke7 33. Kg3 Kf6 34. Kg4 c5 35. c4 Ke5 36. Kxg5 Ke4 37. Kf6 Kxe3 38. Kxe6 Kd4 39. b3 a6 40. Kd6 b5 41. cxb5 axb5 42. Kc6 c4 43. bxc4 bxc4 44. Kb5 c3 0-1

[Event "Barcelona Tres Peons-C 47th"]
[Site "Barcelona"]
[Date "2018.05.04"]
[Round "2.4"]
[White "Cantero Magallon, Alejandro"]
[Black "Perez Serrallonga, Maxima"]
[Result "0-1"]
[WhiteElo "1492"]
[BlackElo "1390"]
[PlyCount "96"]
[EventDate "2018.04.27"]
[EventType "tourn"]
[EventRounds "9"]
[EventCountry "ESP"]
[SourceTitle "EXT 2024"]
[Source "ChessBase"]
[SourceDate "2023.10.10"]
[SourceVersion "1"]
[SourceVersionDate "2023.10.10"]
[SourceQuality "1"]

1. e4 c6 2. d4 d5 3. Nc3 dxe4 4. Nxe4 Bf5 5. Ng3 Bg6 6. Nf3 e6 7. Be2 Bd6 8. 0-0 Nf6 9. Bd3 Bxd3 10. Qxd3 0-0 11. Ne4 Nxe4 12. Qxe4 Nd7 13. Bg5 Nf6 14. Qd3 h6 15. Bh4 Be7 16. Rad1 Qb6 17. b3 Rad8 18. c4 c5 19. dxc5 Qxc5 20. Qc3 Rxd1 21. Rxd1 Ne4 22. Qd4 Qxd4 23. Rxd4 Nf6 24. Rd1 g5 25. Bg3 Ne4 26. Be5 Bc5 27. Rf1 f6 28. Bd4 g4 29. Bxc5 Nxc5 30. Nh4 Rd8 31. f3 gxf3 32. Rxf3 Kf7 33. a3 Rd7 34. Kf2 Rd2+ 35. Kg3 Ne4+ 36. Kf4 f5 37. Ke3 Rb2 38. Nxf5 Ng5 39. Nd6+ Ke7 40. Nc8+ Kd7 41. Rf8 Rxb3+ 42. Kf4 Rxa3 43. h4 e5+ 44. Kxe5 Ra5+ 45. c5 Rxc5+ 46. Kd4 Ne6+ 47. Ke4 Nxf8 48. Nxa7 Rc4+ 0-1